01396nam a2200325 a 450000100060000000300080000600500170001400800410003102000550007203500190012704000270014604100080017308200350018124501650021624600400038126000520042130000250047349000610049850400260055965000200058565000270060565000490063270000330068170000610071471000440077583000690081994200130088899900170090195201520091873359BD-RjUL20211209082403.0170530s1984 ii b f000 0 eng d c:Inland: IRs. 25.00 ; Foreign:(GBP 3.00, $ 5.00) a(BD-RjUL)73577 aDLCcDLCdBD-RjULbeng aeng00223a590.7230954bREC 1984(AGA)00aRecords of the Zoological Survey of India:b A check list of Aphidoidea of India /cby Basant K. Agarwala and A. K. Ghosh ; edited by Zoological survey of India aA check list of Aphidoidea of India aCalcutta :bZoological Survey of India,cc1984. a[2], 71 p. ;c26 cm. aMiscellaneous publication : occasional paper ; vno. 50. aReferences: p.[43]-71 0aAphids.9216981 0aAphidszIndia.9216982 0aZoologyxDescriptive ResearchzIndia92342561 aAgarwala, Basant K.92343001 aGhosh, A. K. q(Asish Kumar),d1938- , jt. auth.9234301 aZoological survey of India, ed.9234254 aMiscellaneous publication : occasional paper ; vno. 50.9234302 2ddccRAR c73359d73359 00102ddc40718RAREaRUCLbRUCLcReadingd1996-05-15eBook Viewg5.00l0oRA 590.7230954 REC 1984(AGA)r2017-05-30 00:00:00tC-1w2021-12-09yRAR